Ladrones y fogoneros / (Registro nro. 4005)

Detalles MARC
000 -LEADER
fixed length control field 01342nam a2200265Ia 4500
003 - CONTROL NUMBER IDENTIFIER
control field OSt
005 - DATE AND TIME OF LATEST TRANSACTION
control field 20250711142644.0
008 - FIXED-LENGTH DATA ELEMENTS--GENERAL INFORMATION
fixed length control field 191128s2009 sp a jr 000 f spa d
020 ## - INTERNATIONAL STANDARD BOOK NUMBER
International Standard Book Number 9788426373434
040 ## - CATALOGING SOURCE
Original cataloging agency CO-JMCR
Transcribing agency CO-JMCR
041 ## - LANGUAGE CODE
Language code of text/sound track or separate title spa
082 14 - DEWEY DECIMAL CLASSIFICATION NUMBER
Classification number N
Item number DEAl
100 1# - MAIN ENTRY--PERSONAL NAME
Personal name Deary, Terry,
Relator term autor
9 (RLIN) 6717
245 10 - TITLE STATEMENT
Title Ladrones y fogoneros /
Statement of responsibility, etc. Terry Dear ; ilustración John Kelly ; traducción Máximo Sáez Escribano
260 ## - PUBLICATION, DISTRIBUTION, ETC.
Place of publication, distribution, etc. Madrid :
Name of publisher, distributor, etc. Edelvives,
Date of publication, distribution, etc. 2009
300 ## - PHYSICAL DESCRIPTION
Extent 218 páginas :
Other physical details ilustraciones en blanco y negro ;
Dimensions 18 cm.
490 0# - SERIES STATEMENT
Series statement Academia de truhanes del profesor randa
505 ## - FORMATTED CONTENTS NOTE
Formatted contents note Carruaje y tribunal -- Carbón y crema -- Tarta y policías -- Oro y guardias -- La rata y el ferrocarril -- Ladrones y fogoneros -- Calderas y alguaciles -- Pistolas y fugas -- Secretos y una pala -- Parque y oscuridad -- Telón y dinero -- Fortuna y fama
520 ## - SUMMARY, ETC.
Summary, etc. 1837: en la ciudad inglesa de Winrich acaba de abrirse la primera academia de truhanes del mundo. En ella, los niños de la calle aprenden a no acabar en la cárcel y a sobrevivir robando a ricachones que han hecho su fortuna estafando a los humildes.
534 ## - ORIGINAL VERSION NOTE
Introductory phrase Robbery for rascals
650 14 - SUBJECT ADDED ENTRY--TOPICAL TERM
Topical term or geographic name entry element Novela juvenil
9 (RLIN) 6761
700 ## - ADDED ENTRY--PERSONAL NAME
Personal name Kelly, John,
Relator term ilustrador
9 (RLIN) 6719
700 ## - ADDED ENTRY--PERSONAL NAME
Personal name Sáez Escribano, Máximo,
Relator term traductor
9 (RLIN) 6720
942 ## - ADDED ENTRY ELEMENTS (KOHA)
Source of classification or shelving scheme Dewey Decimal Classification
Koha item type Books
Existencias
Withdrawn status Lost status Source of classification or shelving scheme Damaged status Not for loan Collection code Home library Current library Date acquired Source of acquisition Total Checkouts Total Renewals Full call number Barcode Date last seen Date last checked out Copy number Koha item type
    Dewey Decimal Classification     Fiction Biblioteca Pública José María del Castillo y Rada Biblioteca Pública José María del Castillo y Rada 11/28/2019 Donación 12 1 N DEAl 201808797 04/09/2026 04/09/2026 Ej.1 Books